000 00512cam a2200229 4500
008 090401t1991 xxu||||| |||| 00| 0 eng d
020 _a0421432705
035 _a(Sirsi) u63058
041 _aeng
050 _a346.4103
100 _aBaker, C.D.
245 _aTort
250 _a5th ed.
260 _aLondon
_bSweet and Maxwell
_c1991
300 _axxxv,469p. ; 22cm.
350 _a10.16
490 _aConcise College Texts
650 _aLAW
690 _aLAW
942 _n0
948 _c04/03/1997
999 _c94503
_d94503